000 01539cam a2200385 i 4500
001 data
005 20260322212112.0
008 data
035 _a22916291
906 _a7
_bcbc
_ccopycat
_d3
_encip
_f20
_gy-gencatlg
925 0 _aacquire
_b1 shelf copy
_xpolicy default
010 _a 2022417693
020 _a9781471801563
_q(pbk.)
020 _a147180156X
_q(pbk.)
035 _a(OCoLC)890253847
040 _aSINLB
_beng
_cSINLB
_erda
_dDLC
_dYDXCP
_dOCLCQ
_dAU@
_dOCLCO
_dDLC
042 _alccopycat
050 0 0 _aHD31
_b.S57645 2014
082 0 4 _a658
_223
100 1 _aSlater, Rus,
_eauthor.
245 1 4 _aThe management coach /
_cRus Slater.
264 1 _aLondon :
_bHodder & Stoughton,
_c2014.
300 _ax, 226 pages ;
_c25 cm.
336 _atext
_btxt
_2rdacontent
337 _aunmediated
_bn
_2rdamedia
338 _avolume
_bnc
_2rdacarrier
490 0 _aTeach Yourself
500 _aIncludes index.
520 _aBy the end of this book you will be a better manager than you are now - Understand your strengths and weaknesses - Set and manage your goals - Understand your team - Work better with your own boss - Improve your business Other books help you talk the talk. The Teach Yourself Coach books helps you walk the walk.
650 0 _aManagement.
650 6 _aGestion.
650 7 _amanagement.
_2aat
650 7 _aManagement.
_2fast
_0(OCoLC)fst01007141
999 _c1675
_d1675